Dakota do Norte - Statistics

Estatísticas Gerais
  • Esse quiz foi jogado 5 vezes
  • A pontuação média é 2 de 14
Estatísticas das Respostas
Imagem Resposta % Correto
Leite
100%
Joaninha
60%
Bismarck
20%
Plains Art Museum
20%
Quadrilha
20%
Cariacu
0%
Chateau de Mores State Historic Site
0%
Dakota Zoo
0%
Fort Abraham Lincoln State Park
0%
Maah Daah Hey Trail
0%
North Dakota Heritage Center & State Museum
0%
Parque Nacional Theodore Roosevelt
0%
The Enchanted Highway
0%
Theodore Roosevelt National Park North Unit
0%
Nenhum quiz correspondente encontrado
Distribuição das Pontuações
Porcentagem de Pessoas com Cada Pontuação
Percentil de Números Respondidos
Sua Pontuação Histórica
Você não jogou esse quiz